[Event "Wch U08"]
[Site "Montesilvano"]
[Date "2024.11.26"]
[Round "11"]
[White "Cardas, Serghei"]
[Black "Melkonyan, Mark"]
[Result "1/2-1/2"]
[WhiteElo "1627"]
[BlackElo "1445"]
[PlyCount "236"]
[EventDate "2024.11.15"]
[EventType "swiss"]
[EventRounds "11"]
[EventCountry "ITA"]
[SourceTitle "CB48_2024"]
[SourceDate "2024.11.28"]
[SourceVersion "1"]
[SourceVersionDate "2024.11.28"]
[SourceQuality "1"]

1. d4 d5 2. c4 e6 3. Nc3 Be7 4. Nf3 Nf6 5. Bf4 0-0 6. e3 h6 7. Bd3 dxc4 8. Bxc4 b6 9. 0-0 Bb7 10. Re1 Nbd7 11. Rc1 c5 12. Qe2 cxd4 13. exd4 Rc8 14. Bd3 Re8 15. Bg3 Nd5 16. Nxd5 exd5 17. Qd2 a5 18. a3 Rxc1 19. Rxc1 Bg5 20. Nxg5 Qxg5 21. Qxg5 hxg5 22. Bb5 Rc8 23. Rxc8+ Bxc8 24. Bxd7 Bxd7 25. Bc7 f6 26. Bxb6 a4 27. Kf1 Kf7 28. Ke2 Ke6 29. g3 g4 30. Ke3 f5 31. Kf4 g6 32. Ke3 Kd6 33. Bc5+ Kc6 34. Kf4 Be8 35. Ke5 Bf7 36. Kf6 Be8 37. Ke7 Bd7 38. Bb4 Bc8 39. Kf6 Kb5 40. Kxg6 Kc4 41. Bc3 Kd3 42. Kf6 Ke4 43. Kg5 Kf3 44. Be1 Ke2 45. Bc3 Kxf2 46. Kf4 Kg2 47. Be1 Kxh2 48. Ke5 Bb7 49. Kxf5 Kh3 50. Ke6 Kg2 51. Kd6 Kf1 52. Bd2 Ke2 53. Bf4 Kd3 54. Kc5 Kc2 55. Kb5 Kb3 56. Bd2 Ba8 57. Bc3 Bb7 58. Kc5 Ba8 59. Kd6 Kc4 60. Ke5 Bb7 61. Kf4 Bc8 62. Ke3 Bf5 63. Kf4 Bd7 64. Ke3 Bf5 65. Kf4 Bc8 66. Ke3 Bd7 67. Kd2 Bf5 68. Ke3 Be4 69. Kd2 Bf3 70. Ke3 Kb3 71. Kd2 Be4 72. Kc1 Ka2 73. Bb4 Kb3 74. Bc3 Bf3 75. Kd2 Be4 76. Kc1 Ka2 77. Bb4 Bf3 78. Bc3 Kb3 79. Kd2 Bg2 80. Kc1 Bf1 81. Kd2 Kc4 82. Ke3 Bd3 83. Kd2 Bb1 84. Ke3 Bc2 85. Kd2 Kb3 86. Kc1 Bh7 87. Kd2 Ka2 88. Kc1 Bd3 89. Bb4 Kb3 90. Bc3 Kc4 91. Kd2 Be4 92. Ke3 Bf3 93. Kd2 Kb5 94. Bb4 Kc6 95. Kc3 Kd7 96. b3 axb3 97. Kxb3 Bd1+ 98. Kc3 Ke6 99. Kd2 Ba4 100. Bc5 Kf5 101. Bd6 Ke4 102. Be5 Kf5 103. Kc3 Ke6 104. Kb4 Bd1 105. a4 Kd7 106. Kb5 Kc8 107. a5 Kb7 108. Kc5 Bf3 109. Bf6 Ka6 110. Bd8 Bg2 111. Kd6 Be4 112. Ke5 Bf3 113. Kf4 Kb5 114. Ke5 Bg2 115. Kd6 Be4 116. Bb6 Ka6 117. Kc7 Bd3 118. Kc6 Bf5 1/2-1/2

[Event "Wch U08"]
[Site "Montesilvano"]
[Date "2024.11.25"]
[Round "10"]
[White "Dhairya, Amit Shroff"]
[Black "Cardas, Serghei"]
[Result "1/2-1/2"]
[WhiteElo "1444"]
[BlackElo "1627"]
[PlyCount "64"]
[EventDate "2024.11.15"]
[EventType "swiss"]
[EventRounds "11"]
[EventCountry "ITA"]
[SourceTitle "CB48_2024"]
[SourceDate "2024.11.28"]
[SourceVersion "1"]
[SourceVersionDate "2024.11.28"]
[SourceQuality "1"]

1. e4 e6 2. b3 d5 3. Bb2 c5 4. exd5 exd5 5. Bb5+ Nc6 6. Qe2+ Qe7 7. Qxe7+ Ngxe7 8. Nf3 Bd7 9. 0-0 0-0-0 10. Ng5 Be8 11. Ba3 h6 12. Nf3 Ng6 13. Rc1 Bd6 14. c4 d4 15. g3 a6 16. Ba4 Nce5 17. Ne1 Bxa4 18. bxa4 Rhe8 19. f4 Nd7 20. Kf1 Kb8 21. Ng2 Nb6 22. a5 Nd7 23. Ne1 Nf6 24. d3 Ng4 25. h3 Ne3+ 26. Kf2 h5 27. h4 Ng4+ 28. Kf1 Re3 29. Nd2 f5 30. Ndf3 Re7 31. Rab1 Ka8 32. Rb6 Red7 1/2-1/2

[Event "Wch U08"]
[Site "Montesilvano"]
[Date "2024.11.22"]
[Round "7"]
[White "Cardas, Serghei"]
[Black "Alloussi, Arian"]
[Result "0-1"]
[WhiteElo "1627"]
[BlackElo "1745"]
[PlyCount "110"]
[EventDate "2024.11.15"]
[EventType "swiss"]
[EventRounds "11"]
[EventCountry "ITA"]
[SourceTitle "CB48_2024"]
[SourceDate "2024.11.28"]
[SourceVersion "1"]
[SourceVersionDate "2024.11.28"]
[SourceQuality "1"]

1. d4 d5 2. c4 e6 3. Nc3 Nf6 4. cxd5 exd5 5. Bg5 Be7 6. e3 c6 7. Bd3 0-0 8. Qc2 h6 9. Bh4 Re8 10. Nge2 a5 11. 0-0 Na6 12. a3 Nc7 13. f3 c5 14. Bf2 c4 15. Bf5 b5 16. Bxc8 Rxc8 17. b3 b4 18. axb4 axb4 19. Na2 Nb5 20. e4 dxe4 21. fxe4 Na3 22. Qb2 c3 23. Qc1 Nxe4 24. Be3 Nf6 25. Ng3 Nd5 26. Nf5 Nxe3 27. Qxe3 Bg5 28. Qg3 Nc2 29. Rad1 Ne3 30. Nxe3 Bxe3+ 31. Kh1 c2 32. Rde1 Qxd4 33. Qf3 f6 34. Nc1 Bxc1 35. Rxc1 Kh8 36. h3 Red8 37. Qf5 Qd5 38. Qg6 Qxb3 39. Kh2 Qe6 40. Rxc2 Rxc2 41. Qxc2 b3 42. Qb1 Qe5+ 43. Kh1 b2 44. Qc2 Rb8 45. Rb1 Qg3 46. Qe2 Qe5 47. Qc2 Qa5 48. Qe2 Qb5 49. Qc2 Qb4 50. Qc7 Re8 51. Qg3 Qd2 52. Kh2 Qc2 53. Rxb2 Qxb2 54. h4 Qe5 55. Qxe5 Rxe5 0-1

[Event "Wch U08"]
[Site "Montesilvano"]
[Date "2024.11.19"]
[Round "5"]
[White "Cardas, Serghei"]
[Black "Kapitanski, Furion"]
[Result "1/2-1/2"]
[WhiteElo "1627"]
[BlackElo "1707"]
[PlyCount "53"]
[EventDate "2024.11.15"]
[EventType "swiss"]
[EventRounds "11"]
[EventCountry "ITA"]
[SourceTitle "CB48_2024"]
[SourceDate "2024.11.28"]
[SourceVersion "1"]
[SourceVersionDate "2024.11.28"]
[SourceQuality "1"]

1. d4 d5 2. c4 Nc6 3. Nf3 Bg4 4. cxd5 Bxf3 5. dxc6 Bxc6 6. Nc3 Nf6 7. Bf4 e6 8. e3 Qd7 9. a3 Nd5 10. Bg3 Nxc3 11. bxc3 0-0-0 12. Qb3 h5 13. Rb1 b6 14. h3 Bd6 15. Bxd6 Qxd6 16. c4 f5 17. Rd1 Bb7 18. Rb1 Qc6 19. Rg1 f4 20. Be2 e5 21. d5 Qc5 22. Qb4 Qxb4+ 23. axb4 g5 24. e4 c6 25. f3 h4 26. Kf2 Kc7 27. Rgd1 1/2-1/2

[Event "Wch U08"]
[Site "Montesilvano"]
[Date "2024.11.18"]
[Round "4"]
[White "Divith, Reddy Adulla"]
[Black "Cardas, Serghei"]
[Result "1-0"]
[WhiteElo "1784"]
[BlackElo "1627"]
[PlyCount "79"]
[EventDate "2024.11.15"]
[EventType "swiss"]
[EventRounds "11"]
[EventCountry "ITA"]
[SourceTitle "CB48_2024"]
[SourceDate "2024.11.28"]
[SourceVersion "1"]
[SourceVersionDate "2024.11.28"]
[SourceQuality "1"]

1. e4 e6 2. d4 d5 3. Nc3 Bb4 4. exd5 exd5 5. a3 Bxc3+ 6. bxc3 Ne7 7. Bd3 c5 8. dxc5 Qa5 9. Ne2 Qxc5 10. Be3 Qc7 11. 0-0 0-0 12. Nd4 a6 13. Qh5 g6 14. Qh6 Nbc6 15. Bf4 Qd8 16. Nxc6 Nxc6 17. Rae1 Qf6 18. Bg5 Qg7 19. Qh4 h5 20. Bf6 Qh7 21. Re3 Be6 22. Rg3 Rfe8 23. f4 Ne7 24. Bxe7 f5 25. Bf6 Rac8 26. Bd4 Rc7 27. Qf6 Rf7 28. Rxg6+ Kf8 29. Bc5+ Ree7 30. Bxe7+ Ke8 31. Qxe6 Rxe7 32. Rg8+ Qxg8 33. Qxg8+ Kd7 34. Qxd5+ Kc8 35. Bxf5+ Kb8 36. Qd8+ Ka7 37. Qxe7 a5 38. Qc5+ Ka8 39. Re1 a4 40. Re8# 1-0